[Event "Bezirksliga Oberbayern 1819"]
[Site "Bayern"]
[Date "2019.02.03"]
[Round "6.7"]
[White "Jonas, Zsolt"]
[Black "Emmert, Peter"]
[Result "1-0"]
[WhiteElo "2074"]
[BlackElo "1801"]
[PlyCount "111"]
[EventDate "2018.10.21"]
[EventType "team-tourn"]
[EventRounds "9"]
[EventCountry "GER"]
[SourceTitle "EXT 2022"]
[Source "ChessBase"]
[SourceDate "2021.10.06"]
[SourceVersion "1"]
[SourceVersionDate "2021.10.06"]
[SourceQuality "1"]
[WhiteTeam "Moosburg SC"]
[BlackTeam "Traunstein/Traunreut"]
[WhiteTeamCountry "GER"]
[BlackTeamCountry "GER"]

1. e4 d6 2. d4 Nf6 3. Nc3 g6 4. Be2 Bg7 5. Be3 a6 6. Qd2 h5 7. 0-0-0 b5 8. Bf3 Ng4 9. Bxg4 Bxg4 10. f3 Bd7 11. Nge2 b4 12. Nd5 a5 13. h4 c6 14. Ndf4 Qc7 15. Nd3 Na6 16. Kb1 e6 17. e5 d5 18. Rc1 Bf8 19. Nc5 Qa7 20. Nxa6 Qxa6 21. Nf4 c5 22. dxc5 Rc8 23. Qf2 Bb5 24. Rhd1 Qc6 25. Nd3 Be7 26. Rh1 Kd7 27. Rhd1 Qa6 28. g3 Rc6 29. Bd4 Bxd3 30. cxd3 Rhc8 31. Be3 b3 32. a3 d4 33. Bxd4 Qb5 34. Rc3 Bxc5 35. Rdc1 Bxd4 36. Qxd4+ Qd5 37. Qxd5+ exd5 38. Rxc6 Rxc6 39. d4 Ra6 40. Rc5 Ke6 41. Kc1 a4 42. Kd2 Ra8 43. Ke3 Ra6 44. Kf4 f6 45. exf6 Kxf6 46. Rxd5 Re6 47. Ra5 Re2 48. Ra6+ Kf7 49. Rxa4 Rxb2 50. Rb4 Ke6 51. Ke3 Rg2 52. Rxb3 Rxg3 53. a4 g5 54. hxg5 h4 55. Kf4 Rg1 56. Rb6+ 1-0

[Event "Bezirksliga Oberbayern 1819"]
[Site "Bayern"]
[Date "2018.11.11"]
[Round "2.7"]
[White "Emmert, Peter"]
[Black "Yaroshenko, Yaroslav"]
[Result "1-0"]
[WhiteElo "1801"]
[BlackElo "1834"]
[PlyCount "89"]
[EventDate "2018.10.21"]
[EventType "team-tourn"]
[EventRounds "9"]
[EventCountry "GER"]
[SourceTitle "EXT 2022"]
[Source "ChessBase"]
[SourceDate "2021.10.06"]
[SourceVersion "1"]
[SourceVersionDate "2021.10.06"]
[SourceQuality "1"]
[WhiteTeam "Traunstein/Traunreut"]
[BlackTeam "Graefelfing SK"]
[WhiteTeamCountry "GER"]
[BlackTeamCountry "GER"]

1. c4 g6 2. g3 Bg7 3. Bg2 d6 4. d4 Nd7 5. Nc3 Ngf6 6. e3 0-0 7. Nf3 e5 8. 0-0 Ne8 9. e4 c6 10. Be3 Nc7 11. d5 c5 12. Qd2 a6 13. a4 Nb6 14. b3 f5 15. Bg5 Qe8 16. Rae1 Qf7 17. Bh6 Bxh6 18. Qxh6 Qg7 19. Qxg7+ Kxg7 20. Nd2 Nd7 21. f4 Rb8 22. Nf3 b5 23. fxe5 Nxe5 24. Nxe5 dxe5 25. axb5 axb5 26. d6 Ne6 27. Nxb5 Nd4 28. Nxd4 exd4 29. e5 Be6 30. Bd5 Rfe8 31. Rf3 Rb6 32. Kf2 Ra6 33. Bxe6 Rxe6 34. g4 Ra2+ 35. Kg3 Ra8 36. gxf5 gxf5 37. Rxf5 Rb8 38. Kf4 d3 39. Rd1 Rxb3 40. Ke4 Kg6 41. d7 Rb8 42. Rg1+ Kh6 43. Rf3 Rg6 44. Rxg6+ Kxg6 45. Kxd3 1-0

[Event "Oberbayern Bezirksliga 1617"]
[Site "Germany"]
[Date "2016.10.16"]
[Round "1.6"]
[White "Emmert, Peter"]
[Black "Schwenck, Mathias"]
[Result "0-1"]
[WhiteElo "1883"]
[BlackElo "1922"]
[PlyCount "62"]
[EventDate "2016.10.16"]
[EventType "team-tourn"]
[EventRounds "9"]
[EventCountry "GER"]
[SourceTitle "EXT 2019"]
[Source "ChessBase"]
[SourceDate "2018.10.10"]
[SourceVersion "1"]
[SourceVersionDate "2018.10.10"]
[SourceQuality "1"]
[WhiteTeam "Traunstein/Traunreut"]
[BlackTeam "Moosburg SC"]
[WhiteTeamCountry "GER"]
[BlackTeamCountry "GER"]

1. c4 Nf6 2. Nc3 d5 3. cxd5 Nxd5 4. g3 g6 5. Bg2 Nb6 6. Nf3 Bg7 7. Rb1 0-0 8. d3 Nc6 9. 0-0 e5 10. Bd2 h6 11. Qc1 Kh7 12. a3 f5 13. b4 Nd4 14. b5 a6 15. Nxd4 exd4 16. Na2 axb5 17. Rxb5 c6 18. Rb1 Nd5 19. e3 dxe3 20. fxe3 Re8 21. g4 Nxe3 22. gxf5 Nxf5 23. Be4 Rxe4 24. dxe4 Qd4+ 25. Rf2 Qxe4 26. Rb4 Nd4 27. Qf1 Rxa3 28. Rf4 Nf3+ 29. Kh1 Nxd2+ 30. Rbxe4 Nxf1 31. Rxf1 Bh3 0-1